000 00674nam a2200205 i 4500
001 186746
003 ES-MaACL
005 20230906222733.0
008 170213s1910 sp |||| | spa d
080 _a821.134.2-32"19"
100 1 _aGómez-Lobo, Arturo.
_958014
245 1 3 _aLa sima del misterio /
_cnovela de Arturo Gómez Lobo ; ilustraciones de Juan Francés.
260 _aMadrid :
_bLos Contemporáneos,
_c1910.
300 _a[20] p. :
_bil. ;
_c27 cm.
490 1 _aLos contemporáneos ;
_v55
700 1 _aFrancés, Juan
_c, ilustrador.
_952142
830 1 _aLos contemporáneos ;
_v55
_9185715
852 _aES-MaACL
_jR-2598(2)
999 _c186746
_d186746